ENCYCLOPAEDIA OF BRAND EQUITY MANAGEMENT (Record no. 14843)

MARC details
000 -LEADER
fixed length control field 00375nam a2200145Ia 4500
008 - FIXED-LENGTH DATA ELEMENTS--GENERAL INFORMATION
fixed length control field 240624s9999 xx 000 0 und d
041 ## - LANGUAGE CODE
Language code of text/sound track or separate title eng
082 ## - DEWEY DECIMAL CLASSIFICATION NUMBER
Classification number 658.8 MOH
100 ## - MAIN ENTRY--PERSONAL NAME
Personal name MOHSIN MUHAMMAD
245 ## - TITLE STATEMENT
Title ENCYCLOPAEDIA OF BRAND EQUITY MANAGEMENT
260 ## - PUBLICATION, DISTRIBUTION, ETC.
Date of publication, distribution, etc. 2009
Place of publication, distribution, etc. Mumbai
Name of publisher, distributor, etc. Himalaya Books Pvt. Ltd.
300 ## - PHYSICAL DESCRIPTION
Extent 304 : p. : cm. ; 22
365 ## - TRADE PRICE
Currency code RS
Price amount 25
440 ## - SERIES STATEMENT/ADDED ENTRY--TITLE
Volume/sequential designation 1
Holdings
Withdrawn status Lost status Damaged status Not for loan Home library Current library Shelving location Date acquired Source of acquisition Cost, normal purchase price Full call number Barcode Date last seen Copy number Price effective from Koha item type
Store Books       IMTN IMTN Rack 35-A 03/30/2010 HPHPL 3150.00 658.8 MOH 14843 06/24/2024 1 06/24/2024 Books
Designed & Maintained by: LRC IMT Nagpur Contact: lrc@imtnag.ac.in© 2024. All Rights Reserved.